Porovnávanie údajov z účtovnej závierky po prechode na euro
Pre eliminovanie kurzového skreslenia je dôležitý správny výber výmenného kurzu, príp. medziročne porovnávať a pracovať už s vypočítanými relatívnymi ukazovateľmi (napr. horizontálna analýza súvahy a výkazu ziskov a strát). V tomto prípade nezáleží na mene položiek, z ktorých je ukazovateľ počítaný...
Na minha lista:
| Autor principal: | |
|---|---|
| Formato: | Capítulo de Livro |
| Idioma: | eslovaco |
| Assuntos: | |
| Tags: |
Sem tags, seja o primeiro a adicionar uma tag!
|
MARC
| LEADER | 00000naa$a2200000$$$4500 | ||
|---|---|---|---|
| 001 | 0094695 | ||
| 005 | 20240502072043.8 | ||
| 041 | 0 | |a slo | |
| 044 | |a SK | ||
| 245 | 1 | 0 | |a Porovnávanie údajov z účtovnej závierky po prechode na euro |c Zuzana Kubaščíková |
| 520 | |a Pre eliminovanie kurzového skreslenia je dôležitý správny výber výmenného kurzu, príp. medziročne porovnávať a pracovať už s vypočítanými relatívnymi ukazovateľmi (napr. horizontálna analýza súvahy a výkazu ziskov a strát). V tomto prípade nezáleží na mene položiek, z ktorých je ukazovateľ počítaný (za podmienky, že v každom roku sú položky v jednej mene). | ||
| 610 | 2 | 0 | |a závierka účtovná |
| 610 | 2 | 0 | |a analýzy |
| 610 | 2 | 0 | |a euro |
| 100 | 1 | |a Kubaščíková, Zuzana, 1982- | |